| 000 | 01497nam0a22003011 4500 | ||
|---|---|---|---|
| 001 | rc\3049825 | ||
| 005 | 20250806202303.0 | ||
| 035 | _a(NLR Aleph) 007189402 | ||
| 090 |
_a46063 _c46063 |
||
| 100 | _a20111010d1944 u y0rusy50 ca | ||
| 101 | 0 | _arus | |
| 102 | _aRU | ||
| 105 | _aa z ||||| | ||
| 200 | 1 |
_aЦенные лекарственные растения Кавказа: скополия кавказская, валерьяна колхидская, наперстянка ржавчинная _fД-р с.-х. наук проф. А.И. Колесников, с участием канд. биол. наук А.С. Коверга |
|
| 210 |
_aСочи _cБ. и. _d1944 |
||
| 215 |
_a91 с.; 14 л. ил. _cил. _d26 см |
||
| 225 | 1 |
_aТруды Государственного Никитского ботанического сада им. В.М. Молотова _fНКЗ СССР. Всесоюз. акад. с.-х. наук им. В.И. Ленина. Гос. Никитский ботан. сад им. В.М. Молотова _vТ. 23 |
|
| 300 | _aРезюме на англ. яз. | ||
| 320 | _aБиблиогр. в конце глав | ||
| 700 | 1 |
_aКолесников _bА.И. _f1888- _gАлександр Иванович |
|
| 701 | 1 |
_aКоверг _bА.С. |
|
| 801 | 0 |
_aRU _bNLR _gpsbo |
|
| 801 | 1 |
_aRU _bELAR _2rusmarc |
|
| 852 |
_aNLR _jП7/330 |
||
| 942 | _cBOOK | ||
| 945 | _aРоссийская национальная библиотека | ||
| 980 | _aNB | ||
| 980 | _aBV | ||